[Event "Santo Antonio de Jesus Bahia op"]
[Site "Santo Antonio de Jesus"]
[Date "2022.07.10"]
[Round "6"]
[White "De Jesus, Railton Oliveira Sa"]
[Black "Gomes Jr, Orlando Damasceno"]
[Result "1-0"]
[WhiteElo "1891"]
[BlackElo "2024"]
[PlyCount "47"]
[EventDate "2022.07.07"]
[EventType "swiss"]
[EventRounds "6"]
[EventCountry "BRA"]
[SourceTitle "CBM 209 Extra"]
[Source "ChessBase"]
[SourceDate "2022.09.30"]
[SourceVersion "1"]
[SourceVersionDate "2022.09.30"]
[SourceQuality "1"]

1. e4 c6 2. d4 d5 3. e5 Bf5 4. h4 h6 5. g4 Be4 6. f3 Bh7 7. e6 fxe6 8. Bd3 Qd6 9. f4 Be4 10. Bxe4 dxe4 11. Nc3 Na6 12. Nxe4 Qd5 13. Nf2 0-0-0 14. c3 c5 15. dxc5 Qxc5 16. Qe2 Qc6 17. Nf3 Nc5 18. Ne5 Qd5 19. Nf7 Nd3+ 20. Qxd3 Qxh1+ 21. Nxh1 Rxd3 22. Nxh8 Rh3 23. Nf2 Rxh4 24. Ng6 1-0

[Event "Santo Antonio de Jesus Bahia op"]
[Site "Santo Antonio de Jesus"]
[Date "2022.07.09"]
[Round "4"]
[White "Zaak Saraiva, Victor Romario Alve"]
[Black "Gomes Jr, Orlando Damasceno"]
[Result "1-0"]
[WhiteElo "1805"]
[BlackElo "2024"]
[PlyCount "74"]
[EventDate "2022.07.07"]
[EventType "swiss"]
[EventRounds "6"]
[EventCountry "BRA"]
[SourceTitle "CBM 209 Extra"]
[Source "ChessBase"]
[SourceDate "2022.09.30"]
[SourceVersion "1"]
[SourceVersionDate "2022.09.30"]
[SourceQuality "1"]

1. d4 d5 2. c4 c6 3. cxd5 cxd5 4. Nc3 Nc6 5. Nf3 Nf6 6. Bf4 a6 7. e3 Bf5 8. h3 Qa5 9. Qb3 b5 10. Be2 Nb4 11. 0-0 Bc2 12. Qa3 Qxa3 13. bxa3 Nd3 14. Ne5 Nxf4 15. exf4 e6 16. Rac1 Bg6 17. a4 bxa4 18. Nxa4 Ba3 19. Rc3 Bb4 20. Rb3 Bd2 21. Nb6 Rd8 22. Bxa6 0-0 23. Nc6 Rd6 24. Bb5 Ne4 25. Nc8 Bxf4 26. N6e7+ Kh8 27. Nxg6+ hxg6 28. Nxd6 Bxd6 29. Rd1 Rc8 30. Bd3 Nf6 31. Rb6 Be7 32. Rb7 Ng8 33. g3 Bd6 34. Rb6 Bf8 35. Rdb1 Rc3 36. R6b3 Rc6 37. a4 Ne7 1-0

[Event "Vitoria da Conquista op da AABB"]
[Site "Vitoria da Conquista"]
[Date "2016.03.05"]
[Round "3"]
[White "Gomes Jr, Orlando Damasceno"]
[Black "Santos, Maicon Moreira"]
[Result "1-0"]
[WhiteElo "1987"]
[BlackElo "1693"]
[PlyCount "47"]
[EventDate "2016.03.04"]
[EventType "swiss"]
[EventRounds "6"]
[EventCountry "BRA"]
[SourceTitle "EXT 2022"]
[Source "ChessBase"]
[SourceDate "2021.10.06"]
[SourceVersion "1"]
[SourceVersionDate "2021.10.06"]
[SourceQuality "1"]

1. e4 e6 2. d4 d5 3. Nd2 c5 4. c3 Nc6 5. Ngf3 Qb6 6. exd5 exd5 7. Nb3 c4 8. Nc5 Bxc5 9. dxc5 Qxc5 10. Be3 Qd6 11. Bxc4 Be6 12. Bb3 Nge7 13. Qd2 Na5 14. Ba4+ Nec6 15. Bf4 Qe7 16. 0-0 0-0 17. Rfe1 h6 18. Bxh6 gxh6 19. Qxh6 f6 20. b4 Nc4 21. Bxc6 bxc6 22. Nd4 Ne5 23. f4 Nf7 24. Qg6+ 1-0